[Event "2. Bundesliga Mitte 2009/2010"]
[Site "Villach"]
[Date "2009.11.22"]
[Round "4"]
[Board "1"]
[White "Sebenik, Matej"]
[Black "Kozul, Zdenko"]
[Result "1-0"]
[WhiteElo "2504"]
[BlackElo "2602"]
[PlyCount "59"]
[EventDate "2009.10.10"]
[EventType "team"]
[EventRounds "11"]
[EventCountry "AUT"]
[WhiteTeam "SV Raika Rapid Feffernitz"]
[BlackTeam "ZH-Technologies Wolfsberg"]

1.d4 Nf6 2.c4 g6 3.g3 c6 4.Nf3 Bg7 5.Bg2 O-O 6.Nc3 d5 7.cxd5 cxd5 8.Ne5 e6 9.O-O
Nfd7 10.f4 Nc6 11.Be3 Nb6 12.Bf2 Bd7 13.e4 Ne7 14.a4 dxe4 15.a5 Nbd5 16.Nxe4 Bb5
17.Re1 Rb8 18.Qb3 a6 19.Nc5 Nc6 20.Nxf7 Nxd4 21.Nxd8 Nxb3 22.Ndxe6 Nxa1 23.Nxf8
Nb4 24.Nfd7 Bxd7 25.Nxd7 Rd8 26.Re7 Nac2 27.Bxb7 Nd4 28.Rxg7+ Kxg7 29.Bxd4+ Kh6
30.Bc5

[Event "2. Bundesliga Mitte 2009/2010"]
[Site "Villach"]
[Date "2009.11.22"]
[Round "4"]
[Board "2"]
[White "Stevic, Hrvoje"]
[Black "Gostisa, Leon"]
[Result "1/2-1/2"]
[WhiteElo "2610"]
[BlackElo "2409"]
[PlyCount "62"]
[EventDate "2009.10.10"]
[EventType "team"]
[EventRounds "11"]
[EventCountry "AUT"]
[WhiteTeam "ZH-Technologies Wolfsberg"]
[BlackTeam "SV Raika Rapid Feffernitz"]

1.e4 c5 2.c3 d6 3.d4 Nf6 4.dxc5 Nc6 5.Qc2 dxc5 6.Bf4 e5 7.Bg3 a6 8.a4 Be6 9.Nf3
Nd7 10.Nbd2 f6 11.Bc4 Bxc4 12.Nxc4 b5 13.Ne3 c4 14.b4 cxb3 15.Qxb3 Nc5 16.Qd5
Qxd5 17.exd5 Na7 18.axb5 Nxb5 19.c4 Nd6 20.O-O Be7 21.Nd2 Kd7 22.f4 exf4 23.Bxf4
Rhc8 24.Ra2 Nde4 25.Nf5 Bf8 26.Nd4 Nxd2 27.Bxd2 Ne4 28.Nc6 Bc5+ 29.Kh1 Nf2+
30.Kg1 Nh3+ 31.Kh1 Nf2+

[Event "2. Bundesliga Mitte 2009/2010"]
[Site "Villach"]
[Date "2009.11.22"]
[Round "4"]
[Board "3"]
[White "Starc, Christian"]
[Black "Jovanovic, Zoran"]
[Result "0-1"]
[WhiteElo "2127"]
[BlackElo "2526"]
[PlyCount "80"]
[EventDate "2009.10.10"]
[EventType "team"]
[EventRounds "11"]
[EventCountry "AUT"]
[WhiteTeam "SV Raika Rapid Feffernitz"]
[BlackTeam "ZH-Technologies Wolfsberg"]

1.Nf3 d6 2.d4 Bg4 3.c4 Bxf3 4.exf3 c6 5.Nc3 Nf6 6.Be2 g6 7.O-O Bg7 8.f4 O-O
9.Bf3 Na6 10.Re1 e6 11.Be3 d5 12.Qb3 Qb6 13.Qxb6 axb6 14.cxd5 exd5 15.g4 Ne8
16.Na4 b5 17.Nb6 Rd8 18.a4 Nd6 19.axb5 Nxb5 20.Ra4 Rfe8 21.Rd1 Nac7 22.f5 gxf5
23.gxf5 Nd6 24.Bg5 f6 25.Bf4 Ncb5 26.Bxd6 Nxd6 27.Bg4 Re4 28.h3 Nb5 29.Rb4 Bf8
30.Rxb5 cxb5 31.Bf3 Rf4 32.Bg2 Rxf5 33.Ra1 Rd6 34.Nc8 Rc6 35.Ra8 Kf7 36.f4 Ke6
37.h4 Rxf4 38.Bh3+ f5 39.Na7 Rc1+ 40.Kg2 Rc2+

[Event "2. Bundesliga Mitte 2009/2010"]
[Site "Villach"]
[Date "2009.11.22"]
[Round "4"]
[Board "4"]
[White "Hoelzl, Franz"]
[Black "Jeric, Simon"]
[Result "0-1"]
[WhiteElo "2333"]
[BlackElo "2298"]
[PlyCount "80"]
[EventDate "2009.10.10"]
[EventType "team"]
[EventRounds "11"]
[EventCountry "AUT"]
[WhiteTeam "ZH-Technologies Wolfsberg"]
[BlackTeam "SV Raika Rapid Feffernitz"]

1.d4 d5 2.c4 c6 3.Nf3 Nf6 4.e3 Bf5 5.Bd3 Bxd3 6.Qxd3 Nbd7 7.O-O e6 8.Nbd2 Be7
9.b3 O-O 10.Bb2 c5 11.Rfd1 Qa5 12.cxd5 exd5 13.Bc3 Qb6 14.Rac1 Rfe8 15.Qb1 Rad8
16.h3 Qa6 17.dxc5 Nxc5 18.Bxf6 Qxf6 19.Nd4 Ne6 20.N2f3 Bd6 21.b4 g6 22.Qb3 Bb8
23.a4 h5 24.a5 g5 25.Nxe6 fxe6 26.Rd4 Rc8 27.Qb1 a6 28.b5 axb5 29.Rcd1 Rc5
30.Rb4 Rf8 31.Rf1 Rc4 32.Rxb5 g4 33.Rxb7 Bc7 34.hxg4 hxg4 35.Nh2 Bxh2+ 36.Kxh2
g3+ 37.fxg3 Qh6+ 38.Kg1 Qxe3+ 39.Kh2 Qh6+ 40.Kg1 Rxf1+

[Event "2. Bundesliga Mitte 2009/2010"]
[Site "Villach"]
[Date "2009.11.22"]
[Round "4"]
[Board "5"]
[White "Tschohl, Christof"]
[Black "Steflitsch, Erich"]
[Result "0-1"]
[WhiteElo "2160"]
[BlackElo "2371"]
[PlyCount "56"]
[EventDate "2009.10.10"]
[EventType "team"]
[EventRounds "11"]
[EventCountry "AUT"]
[WhiteTeam "SV Raika Rapid Feffernitz"]
[BlackTeam "ZH-Technologies Wolfsberg"]

1.e4 e5 2.Nf3 Nc6 3.Bc4 Nf6 4.d3 Bc5 5.c3 a6 6.Bb3 Ba7 7.Bg5 h6 8.Bh4 d6 9.Nbd2
Qe7 10.Qe2 Be6 11.Nc4 g5 12.Bg3 Nh5 13.Ne3 Bxe3 14.Qxe3 Nf4 15.Rg1 O-O-O 16.Ba4
Bd7 17.O-O-O Kb8 18.Nd2 Nd4 19.Bxd7 Nde2+ 20.Kb1 Nxg1 21.Bf5 Nxg2 22.Rxg1 Nxe3
23.fxe3 d5 24.d4 dxe4 25.Bxe5 Qxe5 26.dxe5 Rxd2 27.h4 Rd5 28.Bg4 Rxe5

[Event "2. Bundesliga Mitte 2009/2010"]
[Site "Villach"]
[Date "2009.11.22"]
[Round "4"]
[Board "6"]
[White "Waldmann, Gerald"]
[Black "Arztmann, Wolfgang"]
[Result "1-0"]
[WhiteElo "2173"]
[BlackElo "2102"]
[PlyCount "31"]
[EventDate "2009.10.10"]
[EventType "team"]
[EventRounds "11"]
[EventCountry "AUT"]
[WhiteTeam "ZH-Technologies Wolfsberg"]
[BlackTeam "SV Raika Rapid Feffernitz"]

1.e4 e6 2.d4 d5 3.e5 c5 4.c3 Qb6 5.Nf3 Bd7 6.a3 a5 7.Be2 cxd4 8.cxd4 Bb5 9.Qb3
Bb4+ 10.axb4 a4 11.Bxb5+ Qxb5 12.Qc3 Na6 13.Bd2 Ne7 14.Na3 Qd7 15.b5 Nc7 16.Qd3

[Event "2. Bundesliga Mitte 2009/2010"]
[Site "St. Valentin"]
[Date "2010.01.30"]
[Round "5"]
[Board "1"]
[White "Kozul, Zdenko"]
[Black "Taggatz, Mario"]
[Result "1-0"]
[WhiteElo "2602"]
[BlackElo "2330"]
[PlyCount "69"]
[EventDate "2009.10.10"]
[EventType "team"]
[EventRounds "11"]
[EventCountry "AUT"]
[WhiteTeam "ZH-Technologies Wolfsberg"]
[BlackTeam "Spg. Sauwald"]

1.d4 Nf6 2.Nf3 e6 3.c4 b6 4.g3 Ba6 5.Qc2 Bb7 6.Bg2 c5 7.d5 exd5 8.cxd5 Nxd5
9.O-O Be7 10.Rd1 Nc6 11.Nc3 Nxc3 12.bxc3 Bf6 13.h4 h6 14.Bf4 O-O 15.Rd6 Be7
16.Rd2 d5 17.Rad1 Qe8 18.Rxd5 Na5 19.Ne5 Bxd5 20.Bxd5 Rd8 21.Bxh6 Rxd5 22.Rxd5
gxh6 23.Nd7 Kg7 24.Qf5 f6 25.Nxf8 Kxf8 26.Qh7 Qf7 27.Qh8+ Qg8 28.Qxh6+ Ke8
29.Qh5+ Qf7 30.Qf5 Kf8 31.Rd7 Nc6 32.Rc7 Ne5 33.h5 b5 34.Rc8+ Kg7 35.h6+

[Event "2. Bundesliga Mitte 2009/2010"]
[Site "St. Valentin"]
[Date "2010.01.30"]
[Round "5"]
[Board "2"]
[White "Testor, Sebastian"]
[Black "Stevic, Hrvoje"]
[Result "1-0"]
[WhiteElo "2319"]
[BlackElo "2610"]
[PlyCount "99"]
[EventDate "2009.10.10"]
[EventType "team"]
[EventRounds "11"]
[EventCountry "AUT"]
[WhiteTeam "Spg. Sauwald"]
[BlackTeam "ZH-Technologies Wolfsberg"]

1.d4 d5 2.c4 dxc4 3.e3 e5 4.Bxc4 exd4 5.exd4 Nf6 6.Ne2 Bd6 7.O-O O-O 8.h3 h6
9.Qd3 Nc6 10.a3 Be6 11.Bxe6 fxe6 12.Nbc3 Qd7 13.Be3 Ne7 14.Rad1 Ned5 15.Bc1 Qc6
16.Ng3 Rae8 17.Nce4 Re7 18.Rfe1 a5 19.Re2 a4 20.Rde1 Qe8 21.Nc3 Nxc3 22.bxc3 b5
23.Ne4 Nxe4 24.Qxe4 c6 25.c4 bxc4 26.Qc2 Qb8 27.Qxc4 Qb5 28.Rc2 Qf5 29.Qxa4 Kh8
30.Rce2 Qd5 31.Qc2 Bb8 32.Qe4 Qd6 33.g3 Ba7 34.Bf4 Qxd4 35.Qxd4 Bxd4 36.Bd6 Ref7
37.Bxf8 Rxf8 38.a4 e5 39.Ra2 Ra8 40.Kg2 Kg8 41.Kf3 Kf7 42.Rb1 Ke6 43.Ke4 Ra7
44.a5 Ra6 45.Rb7 Kd6 46.f4 Bc3 47.Rb6 Rxb6 48.fxe5+ Bxe5 49.axb6 Bxg3 50.Rg2

[Event "2. Bundesliga Mitte 2009/2010"]
[Site "St. Valentin"]
[Date "2010.01.30"]
[Round "5"]
[Board "3"]
[White "Jovanovic, Zoran"]
[Black "Hiermann, Dietmar"]
[Result "1/2-1/2"]
[WhiteElo "2526"]
[BlackElo "2297"]
[PlyCount "128"]
[EventDate "2009.10.10"]
[EventType "team"]
[EventRounds "11"]
[EventCountry "AUT"]
[WhiteTeam "ZH-Technologies Wolfsberg"]
[BlackTeam "Spg. Sauwald"]

1.e4 e5 2.Nf3 Nc6 3.Bc4 Bc5 4.O-O Nf6 5.d4 exd4 6.e5 d5 7.exf6 dxc4 8.fxg7 Rg8
9.Re1+ Be6 10.Bg5 Be7 11.Bxe7 Kxe7 12.Re4 d3 13.Nc3 Rxg7 14.cxd3 Qxd3 15.Nd5+
Kd7 16.Nf4 Qxd1+ 17.Rxd1+ Ke8 18.Rde1 Kd7 19.Rd1+ Ke8 20.Nxe6 fxe6 21.Rxc4 Rd8
22.Re1 Rd6 23.Rce4 Kd7 24.g3 a5 25.Kg2 Re7 26.h4 Rd5 27.g4 Kd6 28.R1e3 b5 29.Kg3
e5 30.g5 Nb4 31.h5 Nd3 32.Nh4 Rf7 33.g6 hxg6 34.hxg6 Rf8 35.Rg4 Nf4 36.Rg5 Ke6
37.Kg4 Rg8 38.Re4 c6 39.a4 bxa4 40.Rxa4 Rb5 41.Re4 Rd5 42.Rc4 c5 43.b3 Rd1
44.Nf3 Nd3 45.Kg3 Kf6 46.Rcg4 Rg7 47.Nh4 Nf4 48.Rf5+ Ke6 49.Rfg5 Rd3+ 50.Nf3 Kf6
51.Rxe5 Ne6 52.Re3 Rxe3 53.fxe3 Rxg6 54.Rxg6+ Kxg6 55.Nd2 Kf5 56.Kf3 Nd8 57.Nc4
Nc6 58.e4+ Kg5 59.Ke3 Kg4 60.Kd3 Kf4 61.Nd6 Ne5+ 62.Kc3 Ke3 63.Nb7 c4 64.bxc4
Nxc4

[Event "2. Bundesliga Mitte 2009/2010"]
[Site "St. Valentin"]
[Date "2010.01.30"]
[Round "5"]
[Board "4"]
[White "Knechtel, Roland"]
[Black "Steflitsch, Erich"]
[Result "1/2-1/2"]
[WhiteElo "2228"]
[BlackElo "2371"]
[PlyCount "44"]
[EventDate "2009.10.10"]
[EventType "team"]
[EventRounds "11"]
[EventCountry "AUT"]
[WhiteTeam "Spg. Sauwald"]
[BlackTeam "ZH-Technologies Wolfsberg"]

1.d4 Nf6 2.c4 c5 3.Nf3 cxd4 4.Nxd4 b6 5.f3 Bb7 6.e4 d6 7.Be3 Nbd7 8.Nc3 e6 9.Be2
a6 10.Qd2 Be7 11.O-O O-O 12.Rfd1 Rc8 13.Rac1 Re8 14.b3 Qc7 15.Bf2 h6 16.Kh1 Qb8
17.Nc2 Bf8 18.Bg3 Ne5 19.Bh4 Ned7 20.Bg3 Ne5 21.Bh4 Ned7 22.Bg3 Ne5

[Event "2. Bundesliga Mitte 2009/2010"]
[Site "St. Valentin"]
[Date "2010.01.30"]
[Round "5"]
[Board "5"]
[White "Wegerer, Fred"]
[Black "Kirschner, Alexander"]
[Result "0-1"]
[WhiteElo "2215"]
[BlackElo "2220"]
[PlyCount "80"]
[EventDate "2009.10.10"]
[EventType "team"]
[EventRounds "11"]
[EventCountry "AUT"]
[WhiteTeam "ZH-Technologies Wolfsberg"]
[BlackTeam "Spg. Sauwald"]

1.Nf3 Nf6 2.b3 e6 3.Bb2 b6 4.g3 Bb7 5.Bg2 Be7 6.c4 c5 7.O-O O-O 8.d4 cxd4 9.Qxd4
d6 10.Nc3 a6 11.Rad1 Nbd7 12.Ng5 Bxg2 13.Kxg2 Rc8 14.Nge4 Ne8 15.Ba3 Rc6 16.Qe3
h6 17.f4 Qc8 18.Rd3 f5 19.Nxd6 Bxd6 20.Qxe6+ Kh8 21.Bxd6 Rf6 22.Qe7 Rcxd6 23.Re3
Nc7 24.g4 Rde6 25.Rxe6 Rxe6 26.Qf7 Rf6 27.Qh5 fxg4 28.e4 Nc5 29.f5 Qd8 30.Rd1
Rd6 31.Nd5 Nxe4 32.Re1 Nxd5 33.cxd5 Nf6 34.Qf7 Qd7 35.Qe6 Rxd5 36.Re2 Rd2 37.Kg3
Rxe2 38.Qxe2 Qd6+ 39.Kg2 Qd5+ 40.Kg1 Qxf5

[Event "2. Bundesliga Mitte 2009/2010"]
[Site "St. Valentin"]
[Date "2010.01.30"]
[Round "5"]
[Board "6"]
[White "Niederwieser, Peter"]
[Black "Waldmann, Gerald"]
[Result "1-0"]
[WhiteElo "2173"]
[BlackElo "2173"]
[PlyCount "55"]
[EventDate "2009.10.10"]
[EventType "team"]
[EventRounds "11"]
[EventCountry "AUT"]
[WhiteTeam "Spg. Sauwald"]
[BlackTeam "ZH-Technologies Wolfsberg"]

1.d4 d5 2.c4 c6 3.Nc3 Nf6 4.e3 a6 5.Nf3 b5 6.b3 Bg4 7.h3 Bxf3 8.Qxf3 e6 9.Bd3
Nbd7 10.O-O Be7 11.Bb2 O-O 12.Rfd1 Qb8 13.Rab1 Qc7 14.Rbc1 Qb8 15.Ba1 bxc4
16.bxc4 dxc4 17.Bxc4 c5 18.Qe2 cxd4 19.exd4 Nb6 20.Bxa6 Qa7 21.Bd3 Nbd5 22.Nxd5
Nxd5 23.Qe4 g6 24.Bc4 Rfd8 25.Bb3 Qa6 26.Bc3 Bf6 27.Bd2 Ne7 28.Bf4

[Event "2. Bundesliga Mitte 2009/2010"]
[Site "St. Valentin"]
[Date "2010.01.30"]
[Round "5"]
[Board "1"]
[White "Weiss, Christian"]
[Black "Sebenik, Matej"]
[Result "0-1"]
[WhiteElo "2421"]
[BlackElo "2504"]
[PlyCount "82"]
[EventDate "2009.10.10"]
[EventType "team"]
[EventRounds "11"]
[EventCountry "AUT"]
[WhiteTeam "Union Ansfelden"]
[BlackTeam "SV Raika Rapid Feffernitz"]

1.d4 Nf6 2.Nf3 g6 3.g3 Bg7 4.Bg2 O-O 5.O-O d6 6.Nc3 d5 7.Ne5 c6 8.a4 a5 9.f4 Bf5
10.e3 Qc8 11.b3 Na6 12.Ba3 Re8 13.Qd2 Bh3 14.Rfc1 Bxg2 15.Kxg2 b6 16.Nd3 Qb7
17.Nf2 Rac8 18.Kg1 Nb4 19.Ne2 c5 20.c3 Na6 21.Rab1 e6 22.g4 h6 23.h4 Bf8 24.Bb2
c4 25.g5 hxg5 26.hxg5 Nh5 27.Ba1 cxb3 28.Rxb3 Nb8 29.Ng4 Nd7 30.Kf2 Rc4 31.Rh1
Rxa4 32.Rbb1 Qc6 33.Ng3 Nxg3 34.Kxg3 Bg7 35.Qh2 Kf8 36.Qh7 Ra2 37.Rb2 Qa4
38.Rxa2 Qxa2 39.Nh6 Bxh6 40.Qxh6+ Ke7 41.Kf3 b5

[Event "2. Bundesliga Mitte 2009/2010"]
[Site "St. Valentin"]
[Date "2010.01.30"]
[Round "5"]
[Board "2"]
[White "Gostisa, Leon"]
[Black "Knoll, Hermann"]
[Result "1/2-1/2"]
[WhiteElo "2409"]
[BlackElo "2384"]
[PlyCount "140"]
[EventDate "2009.10.10"]
[EventType "team"]
[EventRounds "11"]
[EventCountry "AUT"]
[WhiteTeam "SV Raika Rapid Feffernitz"]
[BlackTeam "Union Ansfelden"]

1.d4 d5 2.c4 c6 3.Nf3 Nf6 4.Nc3 e6 5.Bg5 Be7 6.e3 Nbd7 7.Qc2 O-O 8.a3 a6 9.Rd1
b5 10.c5 Nh5 11.Bxe7 Qxe7 12.Be2 Nhf6 13.O-O e5 14.dxe5 Nxe5 15.b4 Nxf3+ 16.Bxf3
Qe5 17.e4 Bg4 18.exd5 Bxf3 19.gxf3 cxd5 20.Qd3 Rad8 21.Qd4 Qh5 22.Rd3 Rfe8
23.Re3 Rxe3 24.fxe3 Re8 25.Ne2 Qg5+ 26.Kf2 Qh6 27.Qf4 Qh3 28.Rh1 Nh5 29.Qg4 Qxg4
30.fxg4 Nf6 31.Kf3 Ne4 32.Nf4 Ng5+ 33.Kf2 Ne4+ 34.Kg2 Nf6 35.Kf3 g5 36.Ne2 Re4
37.h3 Nd7 38.Nc3 Ne5+ 39.Kf2 Rc4 40.Nxd5 a5 41.Rb1 axb4 42.axb4 Kg7 43.Rb3 Rc2+
44.Kg3 Re2 45.Ne7 Kf6 46.Nc8 Ng6 47.Nd6 Ke7 48.Rc3 h6 49.Nf5+ Kd7 50.Ra3 Rb2
51.Ra7+ Ke6 52.Ra6+ Kd7 53.Rd6+ Kc7 54.Rf6 Ne5 55.Nxh6 Rxb4 56.Nxf7 Re4 57.Nxg5
Rxe3+ 58.Kf2 Rxh3 59.Ne6+ Kd7 60.Nf8+ Kc8 61.Kg2 Rh4 62.Rb6 Rxg4+ 63.Kh3 Rb4
64.Ne6 Kd7 65.Rd6+ Ke7 66.Nd4 Kf7 67.Rd5 Nd3 68.Rd7+ Ke8 69.c6 Nf4+ 70.Kh2 Rb2+

[Event "2. Bundesliga Mitte 2009/2010"]
[Site "St. Valentin"]
[Date "2010.01.30"]
[Round "5"]
[Board "3"]
[White "Felsberger, Alfred"]
[Black "Jeric, Simon"]
[Result "1-0"]
[WhiteElo "2368"]
[BlackElo "2298"]
[PlyCount "117"]
[EventDate "2009.10.10"]
[EventType "team"]
[EventRounds "11"]
[EventCountry "AUT"]
[WhiteTeam "Union Ansfelden"]
[BlackTeam "SV Raika Rapid Feffernitz"]

1.e4 e5 2.Nf3 Nc6 3.Bb5 a6 4.Ba4 Nge7 5.O-O g6 6.d4 exd4 7.Nxd4 Bg7 8.Nxc6 Nxc6
9.Nc3 O-O 10.Bf4 d6 11.Qd2 Be6 12.Bh6 Bxh6 13.Qxh6 Nd4 14.Qd2 c5 15.Bb3 b5
16.Nd5 Ra7 17.c3 Nc6 18.Rad1 Rd7 19.f4 c4 20.Bc2 f5 21.exf5 Bxf5 22.Bxf5 Rxf5
23.Qe3 Rff7 24.Qe6 Kg7 25.Qe4 Kg8 26.Rfe1 Ne7 27.g3 Nxd5 28.Qxd5 Qb6+ 29.Rd4 Kg7
30.Re6 Rf6 31.Rxf6 Kxf6 32.Kf2 Ke7 33.Qg8 Kf6 34.Qf8+ Ke6 35.Kf3 Qb7+ 36.Kg4 d5
37.Rd2 Rf7 38.Re2+ Kf6 39.Qh8+ Rg7 40.Qd8+ Re7 41.Qd6+ Kf7 42.Rxe7+ Qxe7
43.Qxd5+ Kf8 44.Qe5 h5+ 45.Kf3 Qb7+ 46.Ke3 Qg2 47.Qf6+ Ke8 48.Qxg6+ Kd7 49.Qf7+
Kd6 50.Qf6+ Kd7 51.Qd4+ Kc7 52.Qd2 Qf1 53.a3 Kc6 54.Ke4 Qb1+ 55.Kd4 Qg1+ 56.Ke5
Qc5+ 57.Ke6 Qf8 58.Qd7+ Kc5 59.Qc7#

[Event "2. Bundesliga Mitte 2009/2010"]
[Site "St. Valentin"]
[Date "2010.01.30"]
[Round "5"]
[Board "4"]
[White "Reiss, Georg"]
[Black "Ennsberger, Ulrich"]
[Result "0-1"]
[WhiteElo "2153"]
[BlackElo "2347"]
[PlyCount "78"]
[EventDate "2009.10.10"]
[EventType "team"]
[EventRounds "11"]
[EventCountry "AUT"]
[WhiteTeam "SV Raika Rapid Feffernitz"]
[BlackTeam "Union Ansfelden"]

1.d4 Nf6 2.Nf3 c5 3.d5 g6 4.Nc3 Bg7 5.e4 O-O 6.Bf4 d6 7.Be2 b5 8.e5 dxe5 9.Bxe5
b4 10.Na4 Nbd7 11.c4 bxc3 12.Bxc3 Bb7 13.d6 exd6 14.Qxd6 Ne4 15.Qd3 Nxc3 16.Nxc3
Ne5 17.Nxe5 Bxe5 18.O-O Qg5 19.Ne4 Qf5 20.Ng3 h5 21.Qc4 Bd4 22.Qc1 Qf6 23.Qc2
Rfe8 24.Bd3 Qc6 25.Be4 Rxe4 26.Qxe4 Qxe4 27.Nxe4 Bxe4 28.Rac1 a5 29.Rfe1 Bd5
30.a3 Rb8 31.Re2 a4 32.Rcc2 Bb3 33.Rc1 Be6 34.Rcc2 Bf5 35.Rcd2 Kf8 36.h3 Rb3
37.Kh2 Bd3 38.Re1 c4 39.g3 Rxb2

[Event "2. Bundesliga Mitte 2009/2010"]
[Site "St. Valentin"]
[Date "2010.01.30"]
[Round "5"]
[Board "5"]
[White "Moser, Guenter"]
[Black "Tschohl, Christof"]
[Result "1-0"]
[WhiteElo "2327"]
[BlackElo "2160"]
[PlyCount "110"]
[EventDate "2009.10.10"]
[EventType "team"]
[EventRounds "11"]
[EventCountry "AUT"]
[WhiteTeam "Union Ansfelden"]
[BlackTeam "SV Raika Rapid Feffernitz"]

1.d4 d5 2.Bf4 Nf6 3.Nf3 e6 4.c3 Bd6 5.Bxd6 Qxd6 6.Nbd2 Nbd7 7.g3 b6 8.Bg2 Bb7
9.O-O O-O 10.Rc1 Rac8 11.Qa4 a6 12.Rfd1 Rfd8 13.Qc2 h6 14.Qb1 c5 15.e3 Qb8 16.h3
Ne4 17.Nxe4 dxe4 18.Nd2 f5 19.c4 cxd4 20.exd4 Nf6 21.Nf1 Rd7 22.b3 Rcd8 23.Qb2
e5 24.d5 Qd6 25.Re1 Rc7 26.Nd2 Re8 27.Rcd1 Bc8 28.Kh2 Qc5 29.Re2 a5 30.a4 Nh5
31.Nf1 Qd6 32.Qc3 g5 33.Qe1 Rf7 34.Rc2 Rc7 35.Rc3 Rf8 36.Qd2 Qd7 37.Qe2 Qf7
38.d6 Rd7 39.c5 bxc5 40.Rxc5 f4 41.Bxe4 fxg3+ 42.fxg3 Bb7 43.Rxe5 Qxb3 44.Rb5
Qxd1 45.Qxd1 Bxe4 46.Rb2 Rdf7 47.Qe1 Bc6 48.Ne3 Rf3 49.Ng4 Re8 50.Re2 Ref8
51.Rb2 Nxg3 52.Rb3 Rxb3 53.Qe6+ Kg7 54.Qxh6+ Kg8 55.Qxg5+ Kh8

[Event "2. Bundesliga Mitte 2009/2010"]
[Site "St. Valentin"]
[Date "2010.01.30"]
[Round "5"]
[Board "6"]
[White "Arztmann, Wolfgang"]
[Black "Hellmayr, Alois"]
[Result "1-0"]
[WhiteElo "2102"]
[BlackElo "2269"]
[PlyCount "75"]
[EventDate "2009.10.10"]
[EventType "team"]
[EventRounds "11"]
[EventCountry "AUT"]
[WhiteTeam "SV Raika Rapid Feffernitz"]
[BlackTeam "Union Ansfelden"]

1.e4 c5 2.c3 d5 3.exd5 Qxd5 4.d4 e6 5.Nf3 cxd4 6.cxd4 Nf6 7.Nc3 Qd6 8.Bd3 Be7
9.O-O O-O 10.Be3 Nc6 11.a3 b6 12.Qe2 Bb7 13.Rad1 Rac8 14.Rfe1 Rfe8 15.Bg5 Qd8
16.Bb1 Nd5 17.Bxe7 Ncxe7 18.Qd3 g6 19.Ne4 Nf5 20.Qd2 Kg7 21.h4 Nf6 22.h5 Nd5
23.Neg5 Qf6 24.Ne5 Nh6 25.Ne4 Qd8 26.Qxh6+ Kxh6 27.Nxf7+ Kg7 28.Nxd8 Rcxd8
29.Ng5 Bc8 30.h6+ Kg8 31.Rc1 Re7 32.Ba2 Nc7 33.d5 Kf8 34.dxe6 Rd2 35.Nxh7+ Rxh7
36.e7+ Ke8 37.Rxc7 Bd7 38.Bg8

[Event "2. Bundesliga Mitte 2009/2010"]
[Site "St. Valentin"]
[Date "2010.01.30"]
[Round "5"]
[Board "1"]
[White "Bosiocic, Marin"]
[Black "Horvath, Jozsef"]
[Result "0-1"]
[WhiteElo "2577"]
[BlackElo "2547"]
[PlyCount "52"]
[EventDate "2009.10.10"]
[EventType "team"]
[EventRounds "11"]
[EventCountry "AUT"]
[WhiteTeam "SV Signum Siebdruck St. Veit/Glan"]
[BlackTeam "SC Die Klagenfurter"]

1.e4 d6 2.d4 Nf6 3.Nc3 e5 4.Nf3 Nbd7 5.g4 Nxg4 6.Rg1 Ngf6 7.Be3 c6 8.Qd2 g6
9.O-O-O Qc7 10.Bh6 b5 11.Bxf8 Rxf8 12.Bxb5 cxb5 13.Nxb5 Qb6 14.Qb4 Nxe4 15.dxe5
Bb7 16.Ng5 a5 17.Qa4 Nec5 18.Qh4 Qxb5 19.Nxh7 d5 20.Nxf8 Nxf8 21.Rg3 a4 22.Rf3
d4 23.Ra3 Nce6 24.f4 Be4 25.Qf2 Rc8 26.Rd2 Bf5

[Event "2. Bundesliga Mitte 2009/2010"]
[Site "St. Valentin"]
[Date "2010.01.30"]
[Round "5"]
[Board "2"]
[White "Pilaj, Herwig"]
[Black "Rogic, Davor"]
[Result "0-1"]
[WhiteElo "2363"]
[BlackElo "2559"]
[PlyCount "72"]
[EventDate "2009.10.10"]
[EventType "team"]
[EventRounds "11"]
[EventCountry "AUT"]
[WhiteTeam "SC Die Klagenfurter"]
[BlackTeam "SV Signum Siebdruck St. Veit/Glan"]

1.c4 e5 2.g3 Nf6 3.Bg2 d5 4.cxd5 Nxd5 5.Nf3 Nc6 6.Nc3 Nb6 7.O-O Be7 8.a3 g5 9.d3
g4 10.Nd2 h5 11.b4 h4 12.Nb3 hxg3 13.fxg3 a5 14.bxa5 Nxa5 15.Be3 Bg5 16.Bxg5
Qxg5 17.Nd5 Nxd5 18.Bxd5 f5 19.Qd2 Qd8 20.Bc4 Nxc4 21.dxc4 Qxd2 22.Nxd2 Ra6
23.e3 Ke7 24.Rf2 Rd8 25.Kf1 Rd3 26.e4 f4 27.c5 Ra4 28.Rc1 f3 29.h3 Rad4 30.Rc2
Rxe4 31.hxg4 Bxg4 32.Rh2 Re2 33.Rxe2 fxe2+ 34.Kf2 Rxg3 35.Rc1 Rd3 36.Ke1 e4

[Event "2. Bundesliga Mitte 2009/2010"]
[Site "St. Valentin"]
[Date "2010.01.30"]
[Round "5"]
[Board "3"]
[White "Neubauer, Martin"]
[Black "Genser, Harald"]
[Result "1-0"]
[WhiteElo "2465"]
[BlackElo "2272"]
[PlyCount "81"]
[EventDate "2009.10.10"]
[EventType "team"]
[EventRounds "11"]
[EventCountry "AUT"]
[WhiteTeam "SV Signum Siebdruck St. Veit/Glan"]
[BlackTeam "SC Die Klagenfurter"]

1.d4 Nf6 2.Nf3 e6 3.c4 d5 4.Nc3 dxc4 5.e4 Bb4 6.Bg5 h6 7.Bxf6 Qxf6 8.Bxc4 c5
9.O-O O-O 10.Nb5 Qe7 11.a3 Ba5 12.dxc5 Qxc5 13.Qe2 a6 14.Nbd4 Qe7 15.e5 Bd7
16.Qe4 Nc6 17.Bd3 g6 18.Ne2 Rfd8 19.h4 Be8 20.h5 Bc7 21.hxg6 Nxe5 22.gxf7+ Nxf7
23.Qg6+ Kf8 24.Ng3 Bxg3 25.fxg3 Qc5+ 26.Kh2 Rd6 27.Rae1 Ke7 28.Ne5 Nxe5 29.Qf6+
Kd7 30.Rxe5 Qd4 31.Be4 Rc8 32.Rxe6 Qxf6 33.Rexf6 Rc5 34.Bxb7 Rh5+ 35.Kg1 Rxf6
36.Rxf6 a5 37.Bf3 Rg5 38.g4 Ke7 39.Rxh6 Rb5 40.Ra6 Rc5 41.Kh2

[Event "2. Bundesliga Mitte 2009/2010"]
[Site "St. Valentin"]
[Date "2010.01.30"]
[Round "5"]
[Board "4"]
[White "Petschar, Kurt"]
[Black "Kaspret, Guido"]
[Result "1/2-1/2"]
[WhiteElo "2266"]
[BlackElo "2310"]
[PlyCount "88"]
[EventDate "2009.10.10"]
[EventType "team"]
[EventRounds "11"]
[EventCountry "AUT"]
[WhiteTeam "SC Die Klagenfurter"]
[BlackTeam "SV Signum Siebdruck St. Veit/Glan"]

1.e4 c5 2.c3 d5 3.exd5 Qxd5 4.d4 e6 5.Nf3 Nf6 6.Be3 Nc6 7.Na3 cxd4 8.Nb5 Qd8
9.Nbxd4 Nd5 10.Nxc6 bxc6 11.Bd4 f6 12.Bc4 c5 13.Be3 Nxe3 14.Qxd8+ Kxd8 15.fxe3
Bd6 16.O-O-O Ke7 17.e4 Bb7 18.Rhe1 Bf4+ 19.Kc2 Rad8 20.Rxd8 Rxd8 21.Bd3 h5 22.g3
Bh6 23.Re2 f5 24.Nd2 Bxd2 25.Rxd2 fxe4 26.Be2 Bd5 27.c4 e3 28.Rd1 Be4+ 29.Kc3
Rh8 30.Re1 h4 31.Bg4 hxg3 32.hxg3 Bf5 33.Bd1 Rd8 34.Bc2 Bxc2 35.Kxc2 Rd2+ 36.Kc3
Rg2 37.Rxe3 g5 38.a3 g4 39.b4 Ra2 40.Kb3 Rf2 41.Kc3 Ra2 42.Kb3 Rf2 43.Kc3 Ra2
44.Kb3 Rf2

[Event "2. Bundesliga Mitte 2009/2010"]
[Site "St. Valentin"]
[Date "2010.01.30"]
[Round "5"]
[Board "5"]
[White "Hebesberger, Thomas"]
[Black "Titz, Heimo"]
[Result "1-0"]
[WhiteElo "2330"]
[BlackElo "2242"]
[PlyCount "55"]
[EventDate "2009.10.10"]
[EventType "team"]
[EventRounds "11"]
[EventCountry "AUT"]
[WhiteTeam "SV Signum Siebdruck St. Veit/Glan"]
[BlackTeam "SC Die Klagenfurter"]

1.d4 Nf6 2.Bg5 e6 3.e4 c5 4.d5 Qb6 5.Bxf6 gxf6 6.Nd2 Qxb2 7.Ngf3 d6 8.Rb1 Qc3
9.Bb5+ Bd7 10.dxe6 fxe6 11.Bxd7+ Nxd7 12.Rxb7 Bh6 13.O-O Bxd2 14.Nxd2 Ke7 15.e5
Qxe5 16.Nc4 Qd4 17.Qe2 Rhb8 18.Na5 Qa4 19.Re1 e5 20.Qa6 Ke6 21.Rd1 Nb6 22.Qd3
Rxb7 23.Qxd6+ Kf7 24.Nxb7 Qxa2 25.Nxc5 Re8 26.Qd3 Kg7 27.h3 Qf7 28.Ne4

[Event "2. Bundesliga Mitte 2009/2010"]
[Site "St. Valentin"]
[Date "2010.01.30"]
[Round "5"]
[Board "6"]
[White "Wertjanz, David"]
[Black "Dietmayer-Kraeutler, Marco"]
[Result "1-0"]
[WhiteElo "2126"]
[BlackElo "2258"]
[PlyCount "45"]
[EventDate "2009.10.10"]
[EventType "team"]
[EventRounds "11"]
[EventCountry "AUT"]
[WhiteTeam "SC Die Klagenfurter"]
[BlackTeam "SV Signum Siebdruck St. Veit/Glan"]

1.e4 e5 2.Nf3 Nc6 3.Bb5 a6 4.Ba4 Nf6 5.d4 exd4 6.O-O Be7 7.Re1 b5 8.Bb3 d6 9.Bd5
Nxd5 10.exd5 Ne5 11.Nxd4 O-O 12.a4 Bd7 13.Nc3 b4 14.Ne4 Qb8 15.b3 Qb7 16.f4 Ng6
17.Qf3 Nh4 18.Qg3 Qxd5 19.Bb2 Qh5 20.Nc6 Bg5 21.Ne7+ Kh8 22.fxg5 Rae8 23.Nf6